Statistiche per Geografia per immagini - I

Clicka qui per fare il quiz!

Statistiche generali

  • Questo quiz è stato fatto 1.880 volte
    (1.876 dall'ultimo reset)
  • Il punteggio medio è 10 su 18

Statistiche sulle risposte

Risposta% Corretto
Penisola {Iberica}
96%
Islam
90%
Israele
89%
Indo
83%
Indonesia
79%
India
74%
Irlanda
66%
Illinois
62%
Istanbul
61%
Iran
55%
Ionio
50%
Istmo
49%
Indianapolis
31%
Imperia
29%
Iguazú
27%
Inn
26%
Ipanema
23%
Île-de-France
16%

Distribuzione punteggi

Percentile per numero di risposta

Percentuale di utenti per punteggio

I tuoi punteggi nel tempo

Non hai fatto questo quiz dall'ultimo reset